Técnicas de comunicación escrita: para saber escribir correctamente (Registro nro. 9832)
[ vista simple ]
| 000 -CABECERA | |
|---|---|
| campo de control de longitud fija | 00852ntm a22003017a 4500 |
| 005 - FECHA Y HORA DE ACTUALIZACIÓN | |
| campo de control | 20170905145438.0 |
| 008 - LONGITUD FIJA | |
| campo de control de longitud fija | 170905b xxu||||| |||| 00| 0 spa d |
| 020 ## - INTERNATIONAL STANDARD BOOK NUMBER | |
| Número Internacional Estándar del Libro | 9974784514 |
| 041 ## - IDIOMA | |
| Código de idioma del texto/pista de sonido o título separado | |
| 082 ## - CLASIFICACIÓN DECIMAL DEWEY | |
| Número de clasificación | 461 F715t |
| 100 ## - AUTOR PERSONAL | |
| Nombre de persona | Forero, María Teresa |
| 245 ## - TÍTULO PROPIAMENTE DICHO | |
| Título | Técnicas de comunicación escrita: para saber escribir correctamente |
| 260 ## - PIE DE IMPRENTA | |
| Lugar de publicación, distribución, etc. | Uruguay |
| 260 ## - PIE DE IMPRENTA | |
| Nombre del editor, distribuidor, etc. | Arquetipo Grupo Editorial |
| 260 ## - PIE DE IMPRENTA | |
| Fecha de publicación, distribución, etc. | 2007 |
| 300 ## - DESCRIPCIÓN FÍSICA | |
| Extensión | 136 páginas |
| 650 ## - Materia General | |
| Materia general | DISCURSO NARRATIVO |
| 650 ## - Materia General | |
| Materia general | ESCRIBIR BIEN |
| 650 ## - Materia General | |
| Materia general | REDACCIÓN |
| 650 ## - Materia General | |
| Materia general | GÉNERO EPISTOLAR |
| 650 ## - Materia General | |
| Materia general | DIÁLOGO |
| 650 ## - Materia General | |
| Materia general | ESCRITO EXPOSITIVO |
| 650 ## - Materia General | |
| Materia general | MONOGRAFÍAS |
| 650 ## - Materia General | |
| Materia general | INFORMES |
| 650 ## - Materia General | |
| Materia general | CURRÍCULUM VITAE |
| 650 ## - Materia General | |
| Materia general | CARTA DE PRESENTACIÓN |
| 942 ## - Punto de Acceso Adicional Koha | |
| Tipo de ítem Koha | Libro |
| Estado perdido | Estado dañado | No para préstamo | Biblioteca permanente | Biblioteca actual | Signatura completa | Código de barras | Precio efectivo a partir del | Tipo de ítem |
|---|---|---|---|---|---|---|---|---|
| Departamento de Biblioteca y Documentación Alfonso Chase Brenes | Departamento de Biblioteca y Documentación Alfonso Chase Brenes | 461 F715t | 16564 | 05/09/2017 | Libro |